Biggest Cities in Colombia - Statistics

General Stats
  • This quiz has been taken 32 times
  • The average score is 10 of 20
Answer Stats
Population City % Correct
7,743,955 Bogotá
96%
2,372,330 Medellín
96%
1,822,869 Cali
92%
887,946 Cartagena de Indias
84%
1,120,103 Barranquilla
80%
528,855 Bucaramanga
60%
629,414 Cúcuta
56%
479,853 Santa Marta
56%
352,326 Pasto
48%
500,686 Ibagué
44%
409,670 Pereira
44%
275,641 Armenia
36%
535,984 Soledad
36%
459,349 Valledupar
36%
451,212 Villavicencio
36%
277,270 Popayán
32%
433,723 Montería
28%
177,573 Riohacha
28%
274,622 Sincelejo
28%
314,526 Neiva
24%
No matching quizzes found
Score Distribution
Percent of People with Each Score
Percentile by Number Answered
Your Score History
You have not taken this quiz